Soft ferrites properties and applications (Record no. 10978)

000 -LEADER
fixed length control field 00590nam a2200205 4500
001 - CONTROL NUMBER
control field 10978
003 - CONTROL NUMBER IDENTIFIER
control field BD-DhUET
008 - FIXED-LENGTH DATA ELEMENTS--GENERAL INFORMATION
fixed length control field 720530s1969 ohua b 001 0 eng
040 ## - CATALOGING SOURCE
Original cataloging agency DLC
Transcribing agency DLC
Modifying agency BD-DhUET
082 ## - DEWEY DECIMAL CLASSIFICATION NUMBER
Classification number 623.81
Item number SNE/1969
100 1# - MAIN ENTRY--PERSONAL NAME
Personal name Snelling, E. C.
245 10 - TITLE STATEMENT
Title Soft ferrites properties and applications
Statement of responsibility, etc. by E. C. Snelling
250 ## - EDITION STATEMENT
Edition statement 1st ed.
260 ## - PUBLICATION, DISTRIBUTION, ETC. (IMPRINT)
Place of publication, distribution, etc. Cleveland, Ohio
Name of publisher, distributor, etc. CRC Press
Date of publication, distribution, etc. 1969
300 ## - PHYSICAL DESCRIPTION
Extent 390 p.
Other physical details ill.
Dimensions 27 cm.
490 0# - SERIES STATEMENT
Series statement International scientific series
504 ## - BIBLIOGRAPHY, ETC. NOTE
Bibliography, etc Includes bibliographies
650 #0 - SUBJECT ADDED ENTRY--TOPICAL TERM
Topical term or geographic name as entry element Ferrites (Magnetic materials)
942 ## - ADDED ENTRY ELEMENTS (KOHA)
Koha item type General Book
Holdings
Koha date last seen Date acquired Damaged status Koha normalized classification for sorting Shelving location Piece designation (barcode) Not for loan Koha item type Price effective from Source of classification or shelving scheme Withdrawn status Location (home branch) Koha full call number Sublocation or collection (holding branch) Copy number Lost status
2015-02-122015-02-12 623_810000000000000_SNE_1969Circulation section39699 General Book2015-02-12  Central Library, BUET623.81/SNE/1969Central Library, BUET1